Guia jurídica per a joves (1)
Publicado:
Barcelona :
Diputació de Barcelona. Servei de Joventut : Ajuntament de Barcelona. Àrea de Joventut, dl 1975
Descripción Física:
19 p. : il. ; 16'5 x 24'5 cm
Colección:
Col·lecció Quadernets de Joventut
MARC
| LEADER | 00000nam a2200000Ia 4500 | ||
|---|---|---|---|
| 001 | 1975 | ||
| 003 | BGR | ||
| 005 | 20260324175622.0 | ||
| 008 | 160829s9999 xx 000 0 cat d | ||
| 080 | |a FU-5-20 | ||
| 245 | |a Guia jurídica per a joves (1) | ||
| 260 | |a Barcelona : |b Diputació de Barcelona. Servei de Joventut : |b Ajuntament de Barcelona. Àrea de Joventut, dl 1975 | ||
| 300 | |a 19 p. : |b il. ; |c 16'5 x 24'5 cm | ||
| 490 | |a Col·lecció Quadernets de Joventut | ||
| 650 | |a Joventut |x Dret i legislació |x Catalunya |9 35413 | ||
| 710 | 1 | |a Barcelona (Catalunya : Província). |b Servei de Joventut |9 54681 | |
| 710 | 1 | |a Barcelona |b Ajuntament. Àrea de Joventut |9 68052 | |
| 901 | |a Arxiu | ||
| 942 | |n 1 |2 udc |c MON | ||
| 952 | |0 0 |1 0 |4 0 |6 FU520 |7 1 |9 46887 |a Arxiu |b Arxiu |d 2016-12-01 |l 0 |o FU-5-20 |p 1975 |r 2016-12-01 00:00:00 |w 2016-12-01 |y ARXIU | ||
| 999 | |c 50680 |d 50680 | ||